000 00383nam a2200109 4500
999 _c515145
_d515145
082 _aL906x5442 C/F/2018-19
100 _aMaharashtra. Indian Audit and Accounts Department
_920285
245 _aState finances audit report of the CAG of India for the year ended 31 March 2018
260 _aMumbai
_bThe author
_c2019
300 _a134p.
650 _a Auditing - India - Maharashtra
_920286